Guess the Fusion Rock Song Lyrics #142 - Statistics

General Stats
  • This quiz has been taken 12 times
  • The average score is 299 of 473
Answer Stats
Answer % Correct
a
90%
I
90%
you
90%
You
90%
again
80%
all
80%
an
80%
And
80%
and
80%
as
80%
be
80%
But
80%
do
80%
don't
80%
ever
80%
go
80%
Go
80%
have
80%
in
80%
In
80%
it
80%
it's
80%
It's
80%
Just
80%
just
80%
me
80%
no
80%
Now
80%
now
80%
of
80%
see
80%
So
80%
the
80%
to
80%
To
80%
Was
80%
was
80%
way
80%
we
80%
well
80%
what
80%
will
80%
Will
80%
With
80%
won't
80%
been
70%
can
70%
can't
70%
come
70%
Come
70%
early
70%
find
70%
got
70%
Got
70%
Hope
70%
I'll
70%
I'm
70%
I've
70%
Like
70%
like
70%
meet
70%
morning
70%
my
70%
My
70%
never
70%
new
70%
nice
70%
on
70%
pain
70%
really
70%
say
70%
Say
70%
stay
70%
Supertramp
70%
tell
70%
they
70%
true
70%
up
70%
without
70%
you'll
70%
your
70%
believe
60%
dreams
60%
every
60%
Feel
60%
feel
60%
for
60%
Goodbye
60%
goodbye
60%
Is
60%
is
60%
keep
60%
must
60%
not
60%
Oh
60%
own
60%
paradise
60%
point
60%
some
60%
stranger
60%
things
60%
truth
60%
view
60%
yes
60%
at
50%
before
50%
castle
50%
dawn
50%
day
50%
enjoyed
50%
king
50%
moving
50%
those
50%
Tried
50%
yeah
50%
anchor
40%
away
40%
behind
40%
free
40%
give
40%
heed
40%
Jane
40%
lover
40%
Mary
40%
once
40%
queen
40%
shame
40%
ship
40%
sorrow
40%
sweet
40%
Sweet
40%
throne
40%
through
40%
tomorrow
40%
undisputed
40%
youth
40%
brand
30%
devil
30%
life
30%
look
30%
shining
30%
Shining
30%
thought
30%
yesterday
30%
devotion
20%
few
20%
pay
20%
set
20%
troubles
20%
behavior
10%
bother
10%
chain
10%
chosen
10%
far
10%
ladies
10%
laugh
10%
ocean
10%
road
10%
savior
10%
Sends
10%
shiver
10%
slave
10%
That'll
10%
Hit
0%
land
0%
leaving
0%
motion
0%
sorry
0%
veins
0%
No matching quizzes found
Score Distribution
Percent of People with Each Score
Percentile by Number Answered
Your Score History
You have not taken this quiz